Rocking your music business (Record no. 57865)
[ view plain ]
| 000 -LEADER | |
|---|---|
| fixed length control field | 01482nam a22003254a 4500 |
| 082 04 - DEWEY DECIMAL CLASSIFICATION NUMBER | |
| Classification number | 780.23 |
| 100 1# - MAIN ENTRY--AUTHOR NAME | |
| Personal name | Cann, Simon. |
| 245 10 - TITLE STATEMENT | |
| Title | Rocking your music business |
| 260 ## - PUBLICATION, DISTRIBUTION, ETC. (IMPRINT) | |
| Place of publication | Boston, MA : |
| Name of publisher | Course Technology, Cengage Learning, |
| Year of publication | c2009. |
| 300 ## - PHYSICAL DESCRIPTION | |
| Number of Pages | xiii, 235 p. : |
| Other physical details | ill. |
| 500 ## - GENERAL NOTE | |
| General note | Includes index. |
| 505 0# - FORMATTED CONTENTS NOTE | |
| Formatted contents note | Your music business -- Setting up your (virtual) office -- Working with other people -- Running your business online -- Accounts, records, and all those pieces of paper you need to keep -- Government and officialdom : you ain't gonna fight the law. |
| 650 #0 - SUBJECT ADDED ENTRY--TOPICAL TERM | |
| Topical Term | Music trade |
| Topical Term | Sound recording industry |
| 856 40 - ELECTRONIC LOCATION AND ACCESS | |
| Uniform Resource Identifier | http://site.ebrary.com/lib/rucke/Doc?id=10314643 |
No items available.
